U.S. General Knowledge #43 - Statistics

General Stats
  • This quiz has been taken 16,871 times
  • The average score is 11 of 20
Answer Stats
Question Answer % Correct
What industry made J. Paul Getty and John D. Rockefeller rich? Oil
83%
What does the C stand for in the TV show CSI? Crime
80%
What Apache leader's name is commonly yelled by people jumping out of airplanes? Geronimo
80%
What grocery chain has been humorously referred to as "Whole Paycheck"? Whole Foods
77%
What flower, associated with the state of Kansas, can grow to over 20 feet in height? Sunflower
76%
What island in New York harbor was the first stop for 12 million immigrants from 1892-1954? {Ellis} Island
73%
What red-breasted bird is called the harbinger of spring? Robin
72%
What three letters can represent a European terror group or a place for Americans to save money for retirement? IRA
67%
What breed of dog is Scooby-Doo? Great Dane
66%
Who starred in "Baywatch" and "Knight Rider"? David Hasselhoff
57%
Who was the infamous co-author of the 2007 book "If I Did It"? O.J. Simpson
56%
What politican had a scandal involving a car accident on Chappaquiddick Island? Ted Kennedy
52%
And what city did the original CSI take place in? Las Vegas
43%
By per-capita household income, what is the wealthiest urban area in the United States? San Francisco
39%
In what city did Benjamin Franklin live between 1757 and 1775? London
35%
In the poem "Casey at the Bat", what did Casey do? Struck out
35%
Who preceded Abraham Lincoln as President? James Buchanan
34%
What Carl Sagan television series was resurrected in 2014 with Neil deGrasse Tyson as host? Cosmos
33%
Who uses a replicator to order "Earl Grey, hot"? Captain Picard
22%
What was Ross Perot's middle name? Ross
14%
No matching quizzes found
Score Distribution
Percent of People with Each Score
Percentile by Number Answered
Your Score History
You have not taken this quiz